Lands Tribunal (Amendment) Rules 2003 (Record no. 103263)
[ view plain ]
| 000 -LEADER | |
|---|---|
| fixed length control field | 01071cad a22002415a 4500 |
| 001 - CONTROL NUMBER | |
| control field | L124650 |
| 008 - FIXED-LENGTH DATA ELEMENTS--GENERAL INFORMATION | |
| fixed length control field | 031218s2003 xxk l 000 0 eng u |
| 020 ## - INTERNATIONAL STANDARD BOOK NUMBER | |
| International Standard Book Number | 0110481844 |
| 035 ## - SYSTEM CONTROL NUMBER | |
| System control number | (Sirsi) u124650 |
| 041 ## - LANGUAGE CODE | |
| Language code of text/sound track or separate title | eng |
| 110 2# - MAIN ENTRY--CORPORATE NAME | |
| Corporate name or jurisdiction name as entry element | United Kingdom |
| Form subheading | Laws, etc. |
| 9 (RLIN) | 5044 |
| 245 ## - TITLE STATEMENT | |
| Title | Lands Tribunal (Amendment) Rules 2003 |
| Medium | [electronic resource] |
| 260 ## - PUBLICATION, DISTRIBUTION, ETC. | |
| Place of publication, distribution, etc. | London |
| Name of publisher, distributor, etc. | HMSO |
| Date of publication, distribution, etc. | 2003 |
| 490 ## - SERIES STATEMENT | |
| Series statement | SI |
| Volume/sequential designation | 2003:2945 |
| 520 ## - SUMMARY, ETC. | |
| Summary, etc. | This regulation came into force on 7 December 2003 in England. Brought the Commonhold and Leasehold Reform Act 2002 s175 into force allowing appeals to the Lands Tribunal from a Leasehold Valuation Tribunal in all cases without the party having to pay costs. View at www.hmso.gov.uk. |
| 650 ## - SUBJECT ADDED ENTRY--TOPICAL TERM | |
| Topical term or geographic name entry element | LANDS TRIBUNAL |
| 650 ## - SUBJECT ADDED ENTRY--TOPICAL TERM | |
| Topical term or geographic name entry element | COMMONHOLD AND LEASEHOLD REFORM ACT 2002 S175 |
| 650 ## - SUBJECT ADDED ENTRY--TOPICAL TERM | |
| Topical term or geographic name entry element | LEASEHOLD VALUATION TRIBUNALS |
| 651 #4 - SUBJECT ADDED ENTRY--GEOGRAPHIC NAME | |
| Geographic name | England and Wales |
| Chronological subdivision | 1543- |
| 690 ## - LOCAL SUBJECT ADDED ENTRY--TOPICAL TERM (OCLC, RLIN) | |
| Topical term or geographic name as entry element | PROPERTY-PROPERTY APPRAISAL AND VALUATION |
| 856 ## - ELECTRONIC LOCATION AND ACCESS | |
| Uniform Resource Identifier | <a href="https://www.legislation.gov.uk/uksi/2003/2945/contents/made">https://www.legislation.gov.uk/uksi/2003/2945/contents/made</a> |
| Public note | View the SI at www.legislation.gov.uk |
| 942 ## - ADDED ENTRY ELEMENTS (KOHA) | |
| Suppress in OPAC | 0 |
| Withdrawn status | Lost status | Source of classification or shelving scheme | Damaged status | Not for loan | Home library | Current library | Shelving location | Date acquired | Total Checkouts | Full call number | Barcode | Date last seen | Copy number | Price effective from | Koha item type |
|---|---|---|---|---|---|---|---|---|---|---|---|---|---|---|---|
| Dewey Decimal Classification | Virtual | Virtual | Online | 08/01/2004 | ONLINE PUBLICATION | 124650-2001 | 06/08/2019 | 1 | 06/08/2019 | Book |